000 00286nam a2200133Ia 4500
005 20251222140108.0
008 251222s1900||||xx |||||||||||||| ||spa||
020 _a8471625962
082 _a185/A62
100 _aAnĂ³nimo
245 0 _aSobre lo Sublime
264 _bBosch
942 _cLIB
999 _c4210
_d4210